Statistics for All Demon Slayer: Kimetsu No Yaiba Breathing Styles

Click here to take the quiz!

General Stats

  • This quiz has been taken 2,998 times
  • The average score is 11 of 14

Answer Stats

Answer% Correct
Water Breathing
97%
Sun Breathing
90%
Love Breathing
87%
Flame Breathing
86%
Wind Breathing
79%
Insect Breathing
75%
Stone Breathing
75%
Thunder Breathing
75%
Mist Breathing
73%
Beast Breathing
70%
Sound Breathing
70%
Moon Breathing
68%
Flower Breathing
54%
Serpent Breathing
54%

Score Distribution

Percentile by Number Answered

Percent of People with Each Score

Your Score History

You have not taken this quiz